<La> política presupuestaria para 1993

Mexická ekonómia v r. 1992 je recesívna a neistá v medzinárodnej oblasti. Nižší je ekonomický rast (1,1 perc.), vyššia inflácia (11,2 perc.). Navrhujú sa opatrenia na rast ekonómie (7 perc.), zvýšenie príjmov do rozpočtu, stabilizáciu cien a zvýšenie investícií. Zvláštny dôraz na vedu a ekológiu.

Guardado en:
Detalles Bibliográficos
Formato: Capítulo de libro
Lenguaje:español
Materias:
Etiquetas: Agregar Etiqueta
Sin Etiquetas, Sea el primero en etiquetar este registro!

MARC

LEADER 00000naa a2200000 4500
001 r013295
005 20221205075606.1
041 0 |a spa 
044 |a MX 
245 1 0 |a <La> política presupuestaria para 1993 
520 |a Mexická ekonómia v r. 1992 je recesívna a neistá v medzinárodnej oblasti. Nižší je ekonomický rast (1,1 perc.), vyššia inflácia (11,2 perc.). Navrhujú sa opatrenia na rast ekonómie (7 perc.), zvýšenie príjmov do rozpočtu, stabilizáciu cien a zvýšenie investícií. Zvláštny dôraz na vedu a ekológiu. 
610 2 0 |a rozpočet štátny 
610 2 0 |a Mexiko 
610 2 0 |a 1993 
610 2 0 |a politika hospodárska 
610 2 0 |a inflácia 
610 2 0 |a rast hospodársky 
610 2 0 |a ceny 
610 2 0 |a investície 
610 2 0 |a ekológia 
610 2 0 |a veda 
610 2 0 |a údaje štatistické